[Event "DSOL 03 Liga Gr-C 1st"]
[Site "Playchess.com INT"]
[Date "2020.07.15"]
[Round "4.4"]
[White "Abed, Karim"]
[Black "Mauermann, Uwe"]
[Result "1-0"]
[WhiteElo "1690"]
[BlackElo "1858"]
[PlyCount "89"]
[EventDate "2020.06.22"]
[EventType "team-tourn (rapid)"]
[EventCountry "GER"]
[SourceTitle "EXT 2021"]
[Source "ChessBase"]
[SourceDate "2020.10.23"]
[SourceVersion "1"]
[SourceVersionDate "2020.10.23"]
[SourceQuality "1"]
[WhiteTeam "Koenigsjaeger Sued West"]
[BlackTeam "Geseke"]
[WhiteTeamCountry "GER"]
[BlackTeamCountry "GER"]

1. d4 g6 2. c4 Bg7 3. Nc3 Nf6 4. e4 d6 5. Be2 Nbd7 6. Be3 e5 7. d5 Nc5 8. f3 Bd7 9. b4 Na6 10. a3 0-0 11. c5 Nb8 12. cxd6 cxd6 13. Rc1 Ne8 14. Qc2 f5 15. Nb5 fxe4 16. fxe4 Qh4+ 17. g3 Qf6 18. Nc7 Nxc7 19. Qxc7 Bc8 20. Kd2 Na6 21. Bxa6 bxa6 22. Ne2 Bh3 23. Qc4 Rac8 24. Qxa6 Rxc1 25. Rxc1 Qf3 26. Qd3 Bf1 27. Bxa7 Bxe2 28. Qxe2 Qxa3 29. Qe3 Qxb4+ 30. Ke2 Qb2+ 31. Qd2 Qxd2+ 32. Kxd2 Bh6+ 33. Be3 Rf2+ 34. Kd3 Bxe3 35. Kxe3 Rf6 36. Rc7 Rf7 37. Rxf7 Kxf7 38. Kd3 Ke7 39. Kc4 Kd7 40. Kb5 Kc7 41. Ka6 Kc8 42. Kb6 Kd7 43. Kb7 h6 44. h3 g5 45. g4 1-0

[Event "GER HS-179 email"]
[Site "GER email"]
[Date "2015.01.09"]
[Round "?"]
[White "Geerken, Lutz"]
[Black "Mauermann, Uwe"]
[Result "1/2-1/2"]
[WhiteElo "2042"]
[BlackElo "2042"]
[PlyCount "50"]
[EventDate "2015.01.16"]
[EventType "tourn (corr)"]
[EventRounds "6"]
[EventCountry "GER"]
[SourceTitle "Corr 2020"]
[Source "ChessBase"]
[SourceDate "2019.09.30"]
[SourceVersion "1"]
[SourceVersionDate "2019.09.30"]
[SourceQuality "1"]

1. c4 Nf6 2. g3 g6 3. Bg2 Bg7 4. Nc3 c6 5. Nf3 0-0 6. d4 d5 7. cxd5 cxd5 8. Ne5 Nc6 9. 0-0 Bf5 10. Nxc6 bxc6 11. Bf4 Nd7 12. Na4 Qa5 13. b3 Rfe8 14. Rc1 Rac8 15. Bd2 Qb5 16. h3 Bxd4 17. Bh6 Bf6 18. g4 Be6 19. e3 Bh8 20. f4 f6 21. Rf2 Bf7 22. Rfc2 e5 23. Nc5 Nxc5 24. Rxc5 Qb6 25. fxe5 fxe5 1/2-1/2

[Event "GER HS-179 email"]
[Site "GER email"]
[Date "2015.01.09"]
[Round "?"]
[White "Windecker, Andreas"]
[Black "Mauermann, Uwe"]
[Result "1-0"]
[WhiteElo "2189"]
[BlackElo "2042"]
[PlyCount "79"]
[EventDate "2015.01.16"]
[EventType "tourn (corr)"]
[EventRounds "6"]
[EventCountry "GER"]
[SourceTitle "Corr 2020"]
[Source "ChessBase"]
[SourceDate "2019.09.30"]
[SourceVersion "1"]
[SourceVersionDate "2019.09.30"]
[SourceQuality "1"]

1. c4 Nf6 2. Nc3 Nc6 3. Nf3 e5 4. g3 d5 5. cxd5 Nxd5 6. Bg2 Nb6 7. 0-0 Be7 8. a3 0-0 9. d3 f5 10. b4 a6 11. Bb2 Be6 12. Na4 Nxa4 13. Qxa4 Bf6 14. Rac1 Qd7 15. Qc2 Rad8 16. Nh4 Bxh4 17. Bxc6 bxc6 18. gxh4 Bd5 19. Bxe5 Qe8 20. f4 Qg6+ 21. Kf2 Qg2+ 22. Ke3 Qxh2 23. Bxc7 Rfe8+ 24. Be5 Rd7 25. Qc5 Qxh4 26. Kd2 g5 27. Qb6 g4 28. Qxa6 Qe7 29. Rc3 Ra7 30. Qb6 Rea8 31. Ra1 h5 32. Qd4 Rd7 33. Rac1 h4 34. b5 Be6 35. Qb6 Rb7 36. Qxc6 Qd7 37. Qh1 h3 38. Rc7 Bd5 39. Qe1 Qd8 40. Qf2 1-0

[Event "GER OS-231 email"]
[Site "GER email"]
[Date "2013.12.30"]
[Round "?"]
[White "Mauermann, Uwe"]
[Black "Hufschild, Martin"]
[Result "1/2-1/2"]
[WhiteElo "2069"]
[BlackElo "1765"]
[PlyCount "53"]
[EventDate "2014.01.06"]
[EventType "tourn (corr)"]
[EventRounds "6"]
[EventCountry "GER"]
[SourceTitle "Corr 2015"]
[Source "ChessBase"]
[SourceDate "2015.07.17"]
[SourceVersion "1"]
[SourceVersionDate "2015.07.17"]
[SourceQuality "1"]

1. d4 f5 2. c4 Nf6 3. Nc3 e6 4. Nf3 Bb4 5. Bd2 0-0 6. e3 b6 7. Bd3 Bb7 8. 0-0 Bxc3 9. Bxc3 Ne4 10. Be1 a5 11. Nd2 Nxd2 12. Bxd2 d6 13. f3 Nd7 14. Qc2 Qh4 15. Bc3 Qh5 16. Rad1 Rf6 17. e4 fxe4 18. Bxe4 Bxe4 19. Qxe4 d5 20. Qe2 Rh6 21. h3 Rg6 22. Kh1 Qf5 23. b3 a4 24. Rfe1 h6 25. Qd2 Qf7 26. Qc2 axb3 27. axb3 1/2-1/2

[Event "GER-chT9 LI-21 Br03 email"]
[Site "GER email"]
[Date "2011.10.17"]
[Round "?"]
[White "Sabel, Reinhard"]
[Black "Mauermann, Uwe"]
[Result "1/2-1/2"]
[WhiteElo "2062"]
[BlackElo "2182"]
[PlyCount "103"]
[EventDate "2011.10.23"]
[EventType "tourn (corr)"]
[EventRounds "9"]
[EventCountry "GER"]
[SourceTitle "Corr 2015"]
[Source "ChessBase"]
[SourceDate "2015.07.17"]
[SourceVersion "1"]
[SourceVersionDate "2015.07.17"]
[SourceQuality "1"]

1. d4 Nf6 2. c4 c5 3. d5 e6 4. Nc3 exd5 5. cxd5 Bd6 6. g3 Bc7 7. d6 Ba5 8. Bg2 Bxc3+ 9. bxc3 0-0 10. Nh3 Nc6 11. 0-0 Re8 12. e4 h6 13. Re1 Rb8 14. Bf4 Nh7 15. e5 Re6 16. Bd5 Qe8 17. Qg4 b6 18. Bxe6 Qxe6 19. Qxe6 fxe6 20. Bc1 Ba6 21. f4 Nf8 22. Nf2 Ng6 23. Ne4 Rf8 24. Rb1 Na5 25. Rb2 h5 26. Be3 Rc8 27. Rf2 Bb7 28. Bc1 Rf8 29. Ba3 Nc4 30. Bxc5 bxc5 31. Nxc5 Bc6 32. Rb1 a5 33. Na6 h4 34. Nb8 Be4 35. Rb5 Rd8 36. Na6 h3 37. Rb8 Rxb8 38. Nxb8 Nf8 39. Re2 Bf3 40. Rc2 g5 41. Kf2 Bg2 42. Rc1 Nd2 43. c4 Nf3 44. c5 Nxh2 45. Nxd7 Ng4+ 46. Ke2 h2 47. Nb8 h1Q 48. Rxh1 Bxh1 49. c6 gxf4 50. gxf4 Bxc6 51. Nxc6 a4 52. Kf3 1/2-1/2